Comportamiento político y electoral /

Na minha lista:
Detalhes bibliográficos
Autor principal: Anduiza, Eva
Outros Autores: Bosch, Agustí
Formato: Texto
Publicado em: Barcelona: Edit. Ariel
Assuntos:
Tags: Adicionar Tag
Sem tags, seja o primeiro a adicionar uma tag!

MARC

LEADER 00000 a a2200000 04500
001 32904
003
040
020 |a 84-344-1823-1  
090 |a 205505  
100 |a Anduiza, Eva  
245 |a Comportamiento político y electoral /  |c Eva Anduiza 
260 |a Barcelona:   |b Edit. Ariel  
300 |a 282 p.  
650 |a COMPORTAMIENTO POLITICO  
650 |a IDEOLOGIAS POLITICAS  
650 |a VOTACION  
650 |a TEORIA POLITICA  
650 |a ESPAÑA  
650 |a EUROPA  
650 |a IDEOLOGIAS POLITICAS  
650 |a VOTACION  
700 |a Bosch, Agustí  
999 |c 7621  |d 7621